Answers Contain "Central" - Statistics

General Stats
  • This quiz has been taken 236 times
    12 since last reset
  • The average score is 12 of 16
Answer Stats
Hint Answer % Correct
The brain and spinal cord central nervous system
92%
Poor, landlocked nation Central African Republic
83%
From Guatemala to Panama Central America
83%
Kazakhstan, Kyrgyzstan, Tajikistan, Turkmenistan, Uzbekistan Central Asia
83%
Institution that manages the currency and monetary policy of a state central bank
83%
Czechia, Slovakia, Austria, Hungary Central Europe
83%
Between the Upper West and Upper East Sides of Manhattan Central Park
83%
Notable New York transportation hub, at 42nd Street and Park Avenue Grand Central Terminal
83%
Foreign information-gathering service known as the "Company" Central Intelligence Agency
75%
Where Ross, Rachel, Monica, Phoebe, Joey, and Chandler hang out Central Perk
67%
It's between Mountain and Eastern Central Time Zone
67%
Home to South Park, The Daily Show, and Futurama Comedy Central
67%
The H component of HVAC systems central heating
58%
The part of a computer in which operations are controlled and executed central processing unit
58%
Germany, Austria-Hungary, Ottoman Empire, Bulgaria Central Powers
50%
1992 crime drama film, or the L.A. neighborhood where it takes place South Central
33%
No matching quizzes found
Score Distribution
Percent of People with Each Score
Percentile by Number Answered
Your Score History
You have not taken this quiz since the last reset